00271nam a2200109Ia 4500008004100000100002700041245003700068250000800105260003200113300000800145650000800153191201s2010 xx 000 0 und d aPARKINSON,C. Northcote 0aGetting Along Better with People aRep aN. DelhibVision Bookc2010 a132 aBBA